Normal view
MARC view
Entry Personal Name
001 - CONTROL NUMBER
- control field: 364
003 - CONTROL NUMBER IDENTIFIER
- control field: OSt
005 - DATE AND TIME OF LATEST TRANSACTION
- control field: 20110129152431.0
008 - FIXED-LENGTH DATA ELEMENTS
- fixed length control field: 110129|||a|||||| | ||| d
040 ## - CATALOGING SOURCE
- Original cataloging agency: OSt
- Transcribing agency: OSt
100 ## - HEADING--PERSONAL NAME
- Personal name: बेडेकर, विजय वा.; आठल्ये, श्रीनिवास; साने, यशवंत; ठाकुर, अशोक; मठ, शं. बा.; लागू, सुरेंद्र; नीलकण्ठसुते
670 ## - SOURCE DATA FOUND
- Source citation: Work cat.: (OSt): बेडेकर, विजय वा. 363, १५१ दिशा : मार्च २०१०, २०१०